000 00324nam a2200133Ia 4500
008 240808s9999 xx 000 0 und d
020 _a9789385360626
041 _aeng
082 _a720.95/DOS
100 _aDoshi B
_9208096
245 _aPaths Uncharted
260 _bMapin Publishing
_c2019
_aAhmedabad
300 _a 439p
999 _c359328
_d359328